<?xml version="1.0" encoding="UTF-8"?>
<record
    xmlns:xsi="http://www.w3.org/2001/XMLSchema-instance"
    xsi:schemaLocation="http://www.loc.gov/MARC21/slim http://www.loc.gov/standards/marcxml/schema/MARC21slim.xsd"
    xmlns="http://www.loc.gov/MARC21/slim">

  <leader>03861nam a2200421 a 4500</leader>
  <controlfield tag="003">CHAP</controlfield>
  <controlfield tag="005">20250128100056.0</controlfield>
  <controlfield tag="007">ta</controlfield>
  <controlfield tag="008">250128s2018    sp abdofr|||| 001 0 spa d</controlfield>
  <datafield tag="020" ind1=" " ind2=" ">
    <subfield code="a">978-84-200-1177-6</subfield>
  </datafield>
  <datafield tag="040" ind1=" " ind2=" ">
    <subfield code="a">mxchpua</subfield>
    <subfield code="c">CHAP</subfield>
    <subfield code="e">rda</subfield>
  </datafield>
  <datafield tag="041" ind1=" " ind2=" ">
    <subfield code="a">spa</subfield>
    <subfield code="b">spa</subfield>
    <subfield code="f">spa</subfield>
    <subfield code="h">eng</subfield>
  </datafield>
  <datafield tag="050" ind1="1" ind2="0">
    <subfield code="a">SF275.Y6</subfield>
    <subfield code="b">.E43 2018</subfield>
  </datafield>
  <datafield tag="082" ind1="0" ind2="0">
    <subfield code="2">20</subfield>
    <subfield code="a">637.146</subfield>
    <subfield code="b">E43 2018</subfield>
  </datafield>
  <datafield tag="240" ind1="1" ind2="0">
    <subfield code="a">Manufacturing yogurt and fermented milks.</subfield>
    <subfield code="l">Espa&#xF1;ol</subfield>
  </datafield>
  <datafield tag="245" ind1="1" ind2="0">
    <subfield code="a">Elaboraci&#xF3;n de yogur y leches fermentadas /</subfield>
    <subfield code="c">editores Ramesh C. Chandan y Arun Kilara ; traductor Pedro Ducar Maluenda</subfield>
  </datafield>
  <datafield tag="250" ind1=" " ind2=" ">
    <subfield code="a">1a edici&#xF3;n</subfield>
  </datafield>
  <datafield tag="264" ind1=" " ind2=" ">
    <subfield code="a">Zaragoza, Espa&#xF1;a :</subfield>
    <subfield code="b">Acribia,</subfield>
    <subfield code="c">2018</subfield>
  </datafield>
  <datafield tag="300" ind1=" " ind2=" ">
    <subfield code="a">xviii, 508 p&#xE1;ginas :</subfield>
    <subfield code="b">ilustraciones, mapas, gr&#xE1;ficas, diagramas, tablas, fotos</subfield>
  </datafield>
  <datafield tag="336" ind1=" " ind2=" ">
    <subfield code="2">rdacontent</subfield>
    <subfield code="a">texto</subfield>
    <subfield code="b">txt</subfield>
  </datafield>
  <datafield tag="337" ind1=" " ind2=" ">
    <subfield code="2">rdamedia</subfield>
    <subfield code="a">sin medio</subfield>
    <subfield code="b">n</subfield>
  </datafield>
  <datafield tag="338" ind1=" " ind2=" ">
    <subfield code="2">rdacarrier</subfield>
    <subfield code="a">volumen</subfield>
    <subfield code="b">nc</subfield>
  </datafield>
  <datafield tag="504" ind1=" " ind2=" ">
    <subfield code="a">Incluye bibliograf&#xED;as</subfield>
  </datafield>
  <datafield tag="505" ind1="0" ind2=" ">
    <subfield code="a">Colaboradores --
Pr&#xF3;logo a la primera y segunda edici&#xF3;n --
Parte I. Antecedentes b&#xE1;sicos --
1. Historia y tendencias de consumo --
2. Composici&#xF3;n de la leche, caracter&#xED;sticas f&#xED;sicas y procesado --
3. Factores que regulan la producci&#xF3;n, transporte y procesado de la leche --
4. Regulaciones para los modelos de producto y etiquetado --
5. Principios del procesado de los productos l&#xE1;cteos --
6. Cultivos iniciadores para el yogur y las leches fermentadas --
7. Materiales para el envasado de productos l&#xE1;cteos fermentados --
8. Leche e ingredientes basados en la leche --
Parte II. Fabricaci&#xF3;n del yogur --
9. Yogur: Preparados de fruta y materias saborizantes --
10. Ingredientes para manufacturar el yogur --
11. Principios del procesado del yogur --
12. Manufactura de diversos tipos de yogur --
13 . Yogur estilo griego y productos relacionados --
14. Limpieza y saneamiento de la planta --
15. La planta productora de yogur: Asegurar la calidad --
16. An&#xE1;lisis sensorial del yogur --
Parte III. Fabricaci&#xF3;n de leches fermentadas --
17. Mazada acidificada --
18. Nata &#xE1;cida/cultivada --
19. Otras leches fermentadas y conteniendo cultivos --
Parte IV. Beneficios para la salud --
20. Alimentos funcionales y prevenci&#xF3;n de enfermedades --
21. Beneficios para la salud del yogur y de las leches fermentadas --
22. Probi&#xF3;ticos y leches fermentadas --
&#xCD;ndice alfab&#xE9;tico.</subfield>
  </datafield>
  <datafield tag="520" ind1="2" ind2=" ">
    <subfield code="a">El yogur es uno de los alimentos con un crecimiento m&#xE1;s r&#xE1;pido. En este libro se recogen los avances en las normas reguladoras para la producci&#xF3;n, transporte y procesado de la leche, yogur y leches fer-mentadas. Tambi&#xE9;n trata los grandes cambios que se han producido en la regulaci&#xF3;n de los est&#xE1;ndares y etiquetados de los productos.

Incluye desde los avances m&#xE1;s recientes sobre los preparados de frutas y materiales saborizantes para la manufactura del yogur hasta los avances en las &#xE1;reas de probi&#xF3;ticos y prebi&#xF3;ticos y sus atributos para la salud.

En este libro el material que se expone sobre los principios cient&#xED;ficos y la base de la tecnolog&#xED;a del yogur tiene aplicaciones universales en todo el mundo.

Cabe esperar sea &#xFA;til para estudiantes universitarios sobre la ciencia y tecnolog&#xED;a de los alimentos l&#xE1;cteos y para el personal que trabaja en la industria alimentaria dedicada a la producci&#xF3;n, investigaci&#xF3;n y desarrollo, control de calidad/seguridad y venta.</subfield>
  </datafield>
  <datafield tag="650" ind1="1" ind2="3">
    <subfield code="a">Yogur  </subfield>
    <subfield code="2">atg</subfield>
    <subfield code="9">147092</subfield>
  </datafield>
  <datafield tag="650" ind1="1" ind2="3">
    <subfield code="a">Leche fermentada  </subfield>
    <subfield code="2">atg</subfield>
    <subfield code="9">149764</subfield>
  </datafield>
  <datafield tag="650" ind1="1" ind2="7">
    <subfield code="a">Productos l&#xE1;cteos</subfield>
    <subfield code="2">atg</subfield>
    <subfield code="9">92124</subfield>
  </datafield>
  <datafield tag="650" ind1="1" ind2="7">
    <subfield code="a">Industria lechera</subfield>
    <subfield code="2">atg</subfield>
    <subfield code="9">57819</subfield>
  </datafield>
  <datafield tag="650" ind1="1" ind2="7">
    <subfield code="a">Yogurt</subfield>
    <subfield code="2">atg</subfield>
    <subfield code="9">123161</subfield>
  </datafield>
  <datafield tag="650" ind1="1" ind2="3">
    <subfield code="a">Fermented milk  </subfield>
    <subfield code="2">atg</subfield>
    <subfield code="9">149762</subfield>
  </datafield>
  <datafield tag="650" ind1="1" ind2="3">
    <subfield code="a">Dairy products  </subfield>
    <subfield code="2">atg</subfield>
    <subfield code="9">147027</subfield>
  </datafield>
  <datafield tag="650" ind1="1" ind2="3">
    <subfield code="a">Dairy industry</subfield>
    <subfield code="2">atg</subfield>
    <subfield code="9">147068</subfield>
  </datafield>
  <datafield tag="700" ind1="1" ind2=" ">
    <subfield code="a">Chandan, Ramesh C.</subfield>
    <subfield code="9">147996</subfield>
    <subfield code="e">editor</subfield>
  </datafield>
  <datafield tag="700" ind1="1" ind2=" ">
    <subfield code="a">Kilara, Arun</subfield>
    <subfield code="9">189957</subfield>
    <subfield code="e">Editor</subfield>
  </datafield>
  <datafield tag="700" ind1="1" ind2=" ">
    <subfield code="a">Ducar Maluenda, Pedro</subfield>
    <subfield code="9">34347</subfield>
    <subfield code="e">traductor</subfield>
  </datafield>
  <datafield tag="942" ind1=" " ind2=" ">
    <subfield code="2">ddc</subfield>
    <subfield code="c">LIBRO</subfield>
  </datafield>
  <datafield tag="999" ind1=" " ind2=" ">
    <subfield code="c">220392</subfield>
    <subfield code="d">220392</subfield>
  </datafield>
  <datafield tag="952" ind1=" " ind2=" ">
    <subfield code="0">0</subfield>
    <subfield code="1">0</subfield>
    <subfield code="2">ddc</subfield>
    <subfield code="4">0</subfield>
    <subfield code="5">1</subfield>
    <subfield code="7">0</subfield>
    <subfield code="8">GRAL</subfield>
    <subfield code="a">IA_</subfield>
    <subfield code="b">IA_</subfield>
    <subfield code="d">2024-10-16</subfield>
    <subfield code="e">Compra Librer&#xED;a UACh F. 44564</subfield>
    <subfield code="g">1742.50</subfield>
    <subfield code="i">Consumo</subfield>
    <subfield code="l">0</subfield>
    <subfield code="o">637.146 E43 2018</subfield>
    <subfield code="p">1102015197</subfield>
    <subfield code="r">2025-01-28 10:03:22</subfield>
    <subfield code="t">Ej. 1</subfield>
    <subfield code="w">2025-01-28</subfield>
    <subfield code="y">LIBRO</subfield>
  </datafield>
  <datafield tag="952" ind1=" " ind2=" ">
    <subfield code="0">0</subfield>
    <subfield code="1">0</subfield>
    <subfield code="2">ddc</subfield>
    <subfield code="4">0</subfield>
    <subfield code="5">5</subfield>
    <subfield code="7">0</subfield>
    <subfield code="8">GRAL</subfield>
    <subfield code="a">IA_</subfield>
    <subfield code="b">IA_</subfield>
    <subfield code="d">2024-10-16</subfield>
    <subfield code="e">Compra Librer&#xED;a UACh F. 44564</subfield>
    <subfield code="g">1742.50</subfield>
    <subfield code="i">Consumo</subfield>
    <subfield code="l">5</subfield>
    <subfield code="o">637.146 E43 2018</subfield>
    <subfield code="p">1102015198</subfield>
    <subfield code="r">2026-04-20 18:44:16</subfield>
    <subfield code="s">2026-04-20</subfield>
    <subfield code="t">Ej. 2</subfield>
    <subfield code="w">2025-01-28</subfield>
    <subfield code="y">LIBRO</subfield>
  </datafield>
  <datafield tag="952" ind1=" " ind2=" ">
    <subfield code="0">0</subfield>
    <subfield code="1">0</subfield>
    <subfield code="2">ddc</subfield>
    <subfield code="4">0</subfield>
    <subfield code="5">5</subfield>
    <subfield code="7">0</subfield>
    <subfield code="8">GRAL</subfield>
    <subfield code="a">IA_</subfield>
    <subfield code="b">IA_</subfield>
    <subfield code="d">2024-10-16</subfield>
    <subfield code="e">Compra Librer&#xED;a UACh F. 44564</subfield>
    <subfield code="g">1742.50</subfield>
    <subfield code="i">Consumo</subfield>
    <subfield code="l">7</subfield>
    <subfield code="m">1</subfield>
    <subfield code="o">637.146 E43 2018</subfield>
    <subfield code="p">1102015199</subfield>
    <subfield code="q">2025-10-13</subfield>
    <subfield code="r">2025-10-01 16:13:42</subfield>
    <subfield code="s">2025-10-01</subfield>
    <subfield code="t">Ej. 3</subfield>
    <subfield code="w">2025-01-28</subfield>
    <subfield code="y">LIBRO</subfield>
  </datafield>
</record>
